LEADER 00897naa a2200217 u 4500 001 000000099248 003 CaOOAMICUS 005 20070226130158.0 008 050929s1988 it u000 u ita u 035 $a11060770 040 $aIAR$bita 100 1 $aMiccoli, Giovanni,$d1933-2017.$0(OLS)http://pul/name/5196 245 12$aL'esegesi di Ez. 3,18 in Francesco d'Assisi /$cGiovanni Miccoli. 260 $aBologna :$bEd. Dehoniane,$c1988. 300 $aS. 23-56 ;$c22 cm 630 04$aBiblia.$pV.T.$pEzechiel.$nIII, 18.$0(OLS)http://pul/subject/31732 730 0 $aCristianesimo nella storia$g[Spogli].$0(OLS)http://pul/title/7312 773 0 $aCristianesimo nella storia ;.$tvol. IX/1 (1988) 773 0 $tCristianesimo nella storia$w()5012 996 $6245$aL'esegesi di Ez. 3,18 in Francesco d'Assisi$9(OLS)http://pul/title/126127 996 $6260$aBologna :$bEd. Dehoniane$9(OLS)http://pul/publisher/48282 LEADER 01466nam a2200337 a 4500 001 000000172579 003 CaOOAMICUS 005 20190827132956.0 008 190827s2019 it u000 u ita r 020 $z978-88-93179-56-0* 032 $aLibriCat 040 $aPUL$bita 110 1 $aItalia.$0(OLS)http://pul/name/1188 240 10$aCodice penale$9(Italia).$0(OLS)http://pul/title/51640 245 10$aCodice penale : $bdottrina, giurisprudenza, esempi pratici / $ca cura di Luigi Tramontano. 250 $a19a ed. 260 $aPiacenza :$bLa Tribuna,$cİ2019. 300 $a1533 p. ;$c21 cm 490 1 $aTribuna Studium. ;$v 500 $aContiene indici. 500 $aSulla coperta: Aggiornato con le nuove norme su anticorruzione e prescrizione del reato (L. 9/1/2019, n. 3) 630 04$aCodice penale$zItalia.$0(OLS)http://pul/subject/12325 700 1 $aTramontano, Luigi,$d1967-$0(OLS)http://pul/name/34460 830 0$aTribuna Studium.$0(OLS)http://pul/title/99304 850 $aPUL 852 $aPUL$W1$xSL Diritto e Scienze Sociali 3$y79$m348.45 COD 3.2.102$j196525$qDDC 21$B201287$CPULBib$Z2$F201287 $H133249 $82 941 1 $a9 996 $6020$z978-88-93179-56-0*$9(OLS)http://pul/number/166654 996 $6245$aCodice penale : $bdottrina, giurisprudenza, esempi pratici / $9(OLS)http://pul/title/213544 996 $6260$aPiacenza :$bLa Tribuna$9(OLS)http://pul/publisher/69734